| 000 | 00691nam a2200217 a 4500 | ||
|---|---|---|---|
| 001 | 60593 | ||
| 003 | BD-RjUL | ||
| 005 | 20250625105657.0 | ||
| 008 | 250625s1948 enka b 001 0 eng | ||
| 035 | _a(BD-RjUL)60593 | ||
| 040 |
_aDLC _cDLC _dBD-RjUL _beng |
||
| 041 | _aeng | ||
| 082 |
_223 _a824.7 _bMIE 1948 |
||
| 100 |
_aMilford, Humphrey _915761 |
||
| 245 |
_aEssays mainly on the nineteenth century : _bpresented to Sir Humphrey Milford / _cHumphrey Milford |
||
| 260 |
_aLondon : _bOxford University Press , _c1948 |
||
| 300 |
_aVI-160 p. ; _c23 cm. |
||
| 650 | _aEnglish literature | ||
| 650 |
_aEnglish literature _xHistory and criticism _y19th century _915762 |
||
| 942 |
_2ddc _cBK |
||
| 999 |
_c60593 _d60593 |
||